<?xml version="1.0" encoding="UTF-8"?>
<record
    xmlns:xsi="http://www.w3.org/2001/XMLSchema-instance"
    xsi:schemaLocation="http://www.loc.gov/MARC21/slim http://www.loc.gov/standards/marcxml/schema/MARC21slim.xsd"
    xmlns="http://www.loc.gov/MARC21/slim">

  <leader>00624nam a22001337a 4500</leader>
  <datafield tag="040" ind1=" " ind2=" ">
    <subfield code="c">RUA</subfield>
  </datafield>
  <datafield tag="082" ind1=" " ind2=" ">
    <subfield code="a">FIS SOR 2021 B473 Or.</subfield>
  </datafield>
  <datafield tag="100" ind1=" " ind2=" ">
    <subfield code="a">SORN KHEANN &#x179F;&#x1793;&#x200B; &#x1783;&#x17B6;&#x1793;&#x17CB;</subfield>
  </datafield>
  <datafield tag="245" ind1=" " ind2=" ">
    <subfield code="a">THE EFFECT OF HORMONES LRH-A DOSAGES TO SNAKESKIN GOURAMI (Trichogaster petoralis)INDUCED BREEDING. &#x17A5;&#x1791;&#x17D2;&#x1792;&#x17B7;&#x1796;&#x179B;&#x1780;&#x1798;&#x17D2;&#x179A;&#x17B7;&#x178F;&#x178A;&#x17BC;&#x179F;&#x1793;&#x17C3;&#x17A2;&#x17D0;&#x179A;&#x1798;&#x17C9;&#x17BC;&#x1793; LRH-A &#x178F;&#x17C5;&#x179B;&#x17BE;&#x1780;&#x17B6;&#x179A;&#x1794;&#x1784;&#x17D2;&#x1780;&#x17B6;&#x178F;&#x17CB;&#x178F;&#x17D2;&#x179A;&#x17B8;&#x1780;&#x1793;&#x17D2;&#x1792;&#x179A;</subfield>
  </datafield>
  <datafield tag="260" ind1=" " ind2=" ">
    <subfield code="a">Phnom Penh</subfield>
    <subfield code="b">RUA</subfield>
    <subfield code="c">2021</subfield>
  </datafield>
  <datafield tag="300" ind1=" " ind2=" ">
    <subfield code="a">XII.38P</subfield>
    <subfield code="b">IX.</subfield>
    <subfield code="c">29CM</subfield>
  </datafield>
  <datafield tag="856" ind1=" " ind2=" ">
    <subfield code="u">https://drive.google.com/file/d/1VMWM69rHaJWnFMR3lvhmzCcxlxH8tS4I/view?usp=sharing</subfield>
  </datafield>
  <datafield tag="942" ind1=" " ind2=" ">
    <subfield code="c">FIS</subfield>
  </datafield>
  <datafield tag="999" ind1=" " ind2=" ">
    <subfield code="c">22598</subfield>
    <subfield code="d">22598</subfield>
  </datafield>
  <datafield tag="952" ind1=" " ind2=" ">
    <subfield code="0">0</subfield>
    <subfield code="1">0</subfield>
    <subfield code="2">ddc</subfield>
    <subfield code="4">0</subfield>
    <subfield code="6">FIS_SOR_2021_000000000000000_B473_OR</subfield>
    <subfield code="7">0</subfield>
    <subfield code="9">97120</subfield>
    <subfield code="a">LBB</subfield>
    <subfield code="b">LBB</subfield>
    <subfield code="c">B473</subfield>
    <subfield code="d">2024-03-18</subfield>
    <subfield code="o">FIS SOR 2021 B473 Or.</subfield>
    <subfield code="p">a078441</subfield>
    <subfield code="r">2024-03-18</subfield>
    <subfield code="w">2024-03-18</subfield>
    <subfield code="y">FIS</subfield>
  </datafield>
  <datafield tag="952" ind1=" " ind2=" ">
    <subfield code="0">0</subfield>
    <subfield code="1">0</subfield>
    <subfield code="2">ddc</subfield>
    <subfield code="4">0</subfield>
    <subfield code="6">FIS_SOR_2021_000000000000000_B473_OR</subfield>
    <subfield code="7">0</subfield>
    <subfield code="9">97121</subfield>
    <subfield code="a">LBB</subfield>
    <subfield code="b">LBB</subfield>
    <subfield code="c">B473</subfield>
    <subfield code="d">2024-03-18</subfield>
    <subfield code="o">FIS SOR 2021 B473 Or.</subfield>
    <subfield code="p">a078621</subfield>
    <subfield code="r">2024-03-18</subfield>
    <subfield code="w">2024-03-18</subfield>
    <subfield code="y">FIS</subfield>
  </datafield>
  <datafield tag="952" ind1=" " ind2=" ">
    <subfield code="0">0</subfield>
    <subfield code="1">0</subfield>
    <subfield code="2">ddc</subfield>
    <subfield code="4">0</subfield>
    <subfield code="6">FIS_SOR_2021_000000000000000_B473_OR</subfield>
    <subfield code="7">0</subfield>
    <subfield code="9">97122</subfield>
    <subfield code="a">LBB</subfield>
    <subfield code="b">LBB</subfield>
    <subfield code="c">B473</subfield>
    <subfield code="d">2024-03-18</subfield>
    <subfield code="o">FIS SOR 2021 B473 Or.</subfield>
    <subfield code="p">a078561</subfield>
    <subfield code="r">2024-03-18</subfield>
    <subfield code="w">2024-03-18</subfield>
    <subfield code="y">FIS</subfield>
  </datafield>
  <datafield tag="952" ind1=" " ind2=" ">
    <subfield code="0">0</subfield>
    <subfield code="1">0</subfield>
    <subfield code="2">ddc</subfield>
    <subfield code="4">0</subfield>
    <subfield code="6">FIS_SOR_2021_000000000000000_B473_OR</subfield>
    <subfield code="7">0</subfield>
    <subfield code="9">97123</subfield>
    <subfield code="a">LBB</subfield>
    <subfield code="b">LBA</subfield>
    <subfield code="c">B473</subfield>
    <subfield code="d">2024-03-18</subfield>
    <subfield code="l">1</subfield>
    <subfield code="o">FIS SOR 2021 B473 Or.</subfield>
    <subfield code="p">a078501</subfield>
    <subfield code="r">2026-02-11</subfield>
    <subfield code="s">2026-01-12</subfield>
    <subfield code="w">2024-03-18</subfield>
    <subfield code="y">FIS</subfield>
  </datafield>
</record>
